| 000 | 00895nam a22002297a 4500 | ||
|---|---|---|---|
| 005 | 20240530110523.0 | ||
| 008 | 160223s2011 ua a g b 000 0dara d | ||
| 017 |
_a2010/5722 _bمصر . دار الكتب المصرية |
||
| 020 | _a9789774799855 | ||
| 040 | _aEG-CaGPL | ||
| 082 | 0 | 4 |
_221 _a155.4\ _bج ص |
| 100 | 1 | _aجولدشتين، سام . | |
| 245 | 1 | 2 |
_aالصمود لدى الاطفال / _cتحرير سام جولدشتين ، وروبرت ب. بروكس ؛ ترجمة و تقديم صفاء الاعسر . |
| 250 | _aط1. | ||
| 260 |
_aالقاهرة : _bالمركز القومى للترجمة ، _c2011 . |
||
| 300 |
_a687 ص ؛ _c24 سم . |
||
| 490 | 0 | _aالمشروع القومى للترجمة : 1733 | |
| 650 | 0 | 4 |
_aالاطفال _xعلم نفس . |
| 650 | 0 | 4 | _aالعنف المدرسى . |
| 942 |
_2ddc _cBK |
||
| 999 |
_c61942 _d61942 |
||